[Event "ccc 2015 1"]
[Site "?"]
[Date "2015.05.02"]
[Round "7.2"]
[White "Haub,2412, IM Thorsten Michael"]
[Black "Shen,2394, IM Victor"]
[Result "1-0"]
[BlackElo "2394"]
[WhiteElo "2412"]
[LiveChessVersion "1.4.5"]

1. g3 {[%clk 1:30:57]} d5 {[%clk 1:30:50]} 2. Bg2 {[%clk 1:31:20]} Nf6
{[%clk 1:31:10]} 3. d3 {[%clk 1:31:44]} c5 {[%clk 1:26:39]} 4. Nf3
{[%clk 1:31:06]} Nc6 {[%clk 1:26:54]} 5. O-O {[%clk 1:31:16]} g6 {[%clk 1:25:05]}
6. Nbd2 {[%clk 1:29:12]} Bg7 {[%clk 1:24:59]} 7. e4 {[%clk 1:29:33]} O-O
{[%clk 1:24:51]} 8. c3 {[%clk 1:27:39]} e5 {[%clk 1:23:43]} 9. exd5
{[%clk 1:26:19]} Nxd5 {[%clk 1:23:30]} 10. Nc4 {[%clk 1:26:15]} h6
{[%clk 1:19:01]} 11. Re1 {[%clk 1:21:23]} Re8 {[%clk 1:15:34]} 12. Qb3
{[%clk 1:11:31]} Nc7 {[%clk 1:11:26]} 13. Nfd2 {[%clk 1:02:02]} Ne6
{[%clk 0:34:24]} 14. Ne4 {[%clk 0:44:38]} Bf8 {[%clk 0:34:07]} 15. f4
{[%clk 0:42:29]} exf4 {[%clk 0:31:38]} 16. gxf4 {[%clk 0:34:26]} f5
{[%clk 0:24:28]} 17. Nf2 {[%clk 0:33:31]} Kh7 {[%clk 0:24:19]} 18. Be3
{[%clk 0:28:22]} Qc7 {[%clk 0:22:46]} 19. a4 {[%clk 0:18:21]} Rb8
{[%clk 0:21:14]} 20. a5 {[%clk 0:13:26]} Bd7 {[%clk 0:20:44]} 21. Nh3
{[%clk 0:11:06]} Bg7 {[%clk 0:18:26]} 22. Qc2 {[%clk 0:11:02]} b5
{[%clk 0:16:25]} 23. axb6 {[%clk 0:11:26]} axb6 {[%clk 0:16:50]} 24. Nd2
{[%clk 0:07:31]} Ne7 {[%clk 0:15:17]} 25. Bf2 {[%clk 0:06:27]} Ng8
{[%clk 0:14:12]} 26. Nf3 {[%clk 0:06:22]} Nf6 {[%clk 0:09:39]} 27. Qd2
{[%clk 0:06:31]} Ng4 {[%clk 0:08:30]} 28. d4 {[%clk 0:05:27]} Nxf2
{[%clk 0:08:32]} 29. Kxf2 {[%clk 0:05:24]} cxd4 {[%clk 0:08:50]} 30. cxd4
{[%clk 0:05:37]} Qd6 {[%clk 0:04:43]} 31. Red1 {[%clk 0:05:19]} Bc6
{[%clk 0:04:23]} 32. d5 {[%clk 0:04:27]} Rbd8 {[%clk 0:02:18]} 33. dxc6
{[%clk 0:04:09]} Qc5+ {[%clk 0:00:49]} 34. Qe3 {[%clk 0:04:28]} Nd4
{[%clk 0:01:03]} 35. Ne5 {[%clk 0:02:39]} Bxe5 {[%clk 0:00:57]} 36. fxe5
{[%clk 0:03:01]} Rxe5 {[%clk 0:01:24]} 37. Ra7+ {[%clk 0:02:03]} Kg8
{[%clk 0:01:26]} 38. c7 {[%clk 0:01:52]} Qc2+ {[%clk 0:00:35]} 39. Rd2
{[%clk 0:01:54]} Qxc7 {[%clk 0:00:34]} 40. Rxc7 {[%clk 0:02:09]} Rxe3
{[%clk 0:00:57]} 41. Kxe3 {[%clk 0:02:24]} f4+ {[%clk 0:01:21]} 42. Nxf4
{[%clk 0:01:54]} Nf5+ {[%clk 0:01:48]} 43. Ke2 {[%clk 0:02:15]} 1-0

[Event "ccc 2015 1"]
[Site "?"]
[Date "2015.05.02"]
[Round "7.4"]
[White "Matthiesen,2288, FM Martin"]
[Black "Semcesen,2481, GM Daniel"]
[Result "0-1"]
[BlackElo "2481"]
[WhiteElo "2288"]
[LiveChessVersion "1.4.5"]

1. d4 {[%clk 1:30:58]} f5 {[%clk 1:31:17]} 2. Nf3 Nf6 {[%clk 1:31:42]} 3. g3
{[%clk 1:31:16]} g6 {[%clk 1:32:09]} 4. Bg2 {[%clk 1:31:38]} Bg7 {[%clk 1:32:36]}
5. O-O {[%clk 1:31:54]} O-O {[%clk 1:33:00]} 6. b3 {[%clk 1:30:22]} d6
{[%clk 1:33:26]} 7. Bb2 {[%clk 1:30:40]} Qe8 {[%clk 1:33:39]} 8. Nbd2
{[%clk 1:30:28]} Nc6 {[%clk 1:33:09]} 9. Re1 {[%clk 1:22:38]} e5 {[%clk 1:32:43]}
10. dxe5 {[%clk 1:20:09]} dxe5 {[%clk 1:30:58]} 11. e4 {[%clk 1:16:50]} f4
{[%clk 1:27:10]} 12. Qe2 {[%clk 1:09:35]} Nh5 {[%clk 1:23:18]} 13. Nf1
{[%clk 1:06:03]} Kh8 {[%clk 1:15:02]} 14. Rad1 {[%clk 0:53:45]} a6
{[%clk 1:09:33]} 15. Rd5 {[%clk 0:50:59]} Be6 {[%clk 1:05:49]} 16. Ng5
{[%clk 0:39:24]} Bg8 {[%clk 1:00:51]} 17. Ba3 {[%clk 0:34:57]} Rf6
{[%clk 0:53:50]} 18. Nf3 {[%clk 0:24:23]} Be6 19. h3 fxg3 {[%clk 0:38:59]} 20.
fxg3 {[%clk 0:24:44]} Nd4 {[%clk 0:36:41]} 21. Nxd4 {[%clk 0:20:11]} exd4
{[%clk 0:35:21]} 22. Rc5 {[%clk 0:17:34]} c6 {[%clk 0:32:05]} 23. Bb2
{[%clk 0:15:19]} Rd8 {[%clk 0:28:03]} 24. Ra5 {[%clk 0:05:25]} Qd7
{[%clk 0:25:23]} 25. Kh2 {[%clk 0:03:45]} Rdf8 26. Qd2 {[%clk 0:04:02]} Rf2
{[%clk 0:24:52]} 27. Re2 Rxf1 {[%clk 0:21:45]} 28. Bxf1 {[%clk 0:03:57]} Rxf1
{[%clk 0:15:29]} 29. Rf2 {[%clk 0:02:03]} Rb1 {[%clk 0:14:47]} 30. Ba3 Nf6
{[%clk 0:14:20]} 31. Qf4 {[%clk 0:01:34]} Qd8 {[%clk 0:10:53]} 32. Ra4
{[%clk 0:00:37]} Kg8 33. Re2 {[%clk 0:00:45]} Nh5 {[%clk 0:08:48]} 34. Qd6
{[%clk 0:01:13]} Qxd6 {[%clk 0:08:43]} 35. Bxd6 {[%clk 0:00:43]} Rd1 36. Ra5 d3
{[%clk 0:07:27]} 37. cxd3 {[%clk 0:01:07]} Rxd3 {[%clk 0:07:25]} 38. Be5
{[%clk 0:01:16]} b6 {[%clk 0:07:54]} 39. Bxg7 {[%clk 0:01:00]} bxa5 40. Be5
{[%clk 0:01:20]} Ng7 {[%clk 0:07:46]} 41. Rc2 Bd7 42. Rc4 {[%clk 0:01:21]} Rd2+
{[%clk 0:08:17]} 43. Kg1 {[%clk 0:01:47]} Ne6 0-1

[Event "ccc 2015 1"]
[Site "?"]
[Date "2015.05.02"]
[Round "7.5"]
[White "Hector,2486, GM Jonny"]
[Black "Galyas,2449, IM Miklos"]
[Result "0-1"]
[BlackElo "2449"]
[WhiteElo "2486"]
[LiveChessVersion "1.4.5"]

1. e4 {[%clk 1:30:54]} d6 {[%clk 1:30:52]} 2. d4 {[%clk 1:30:56]} Nf6
{[%clk 1:31:16]} 3. Nc3 {[%clk 1:31:19]} g6 {[%clk 1:31:32]} 4. f4
{[%clk 1:31:40]} Bg7 {[%clk 1:31:57]} 5. Nf3 {[%clk 1:31:18]} O-O
{[%clk 1:32:08]} 6. Be2 {[%clk 1:29:49]} c5 {[%clk 1:32:11]} 7. dxc5
{[%clk 1:30:11]} Qa5 {[%clk 1:32:31]} 8. O-O {[%clk 1:30:32]} Qxc5+
{[%clk 1:32:55]} 9. Kh1 {[%clk 1:30:56]} Nc6 {[%clk 1:28:29]} 10. Bd3
{[%clk 1:25:24]} Bg4 {[%clk 1:27:17]} 11. Qe1 {[%clk 1:24:26]} a6
{[%clk 1:19:53]} 12. a3 {[%clk 1:20:42]} Qh5 {[%clk 1:05:57]} 13. Ne2
{[%clk 1:10:24]} Qa5 {[%clk 0:59:50]} 14. Bd2 {[%clk 1:09:03]} Qd8
{[%clk 0:58:54]} 15. Qh4 {[%clk 1:08:52]} e6 {[%clk 0:56:09]} 16. f5
{[%clk 0:55:46]} Bxf3 {[%clk 0:52:55]} 17. Rxf3 {[%clk 0:55:12]} Ne5
{[%clk 0:51:05]} 18. Rh3 {[%clk 0:53:34]} Nh5 {[%clk 0:50:21]} 19. Qe1
{[%clk 0:48:07]} d5 {[%clk 0:44:15]} 20. exd5 {[%clk 0:41:20]} Nxd3
{[%clk 0:40:27]} 21. Rxd3 {[%clk 0:41:20]} exf5 {[%clk 0:40:47]} 22. c4
{[%clk 0:38:53]} Re8 {[%clk 0:39:33]} 23. Qf1 {[%clk 0:33:06]} Bxb2
{[%clk 0:36:50]} 24. Rb1 {[%clk 0:32:15]} Be5 {[%clk 0:37:01]} 25. Ng1
{[%clk 0:25:06]} Qc7 {[%clk 0:32:51]} 26. Nf3 {[%clk 0:25:16]} Bd6
{[%clk 0:25:12]} 27. Rdb3 {[%clk 0:21:11]} b5 {[%clk 0:18:53]} 28. cxb5
{[%clk 0:20:51]} axb5 {[%clk 0:18:45]} 29. Qxb5 {[%clk 0:20:20]} Nf6
{[%clk 0:18:17]} 30. a4 {[%clk 0:11:06]} Ne4 {[%clk 0:18:14]} 31. Be1
{[%clk 0:11:27]} Bc5 {[%clk 0:13:00]} 32. a5 {[%clk 0:10:14]} Red8
{[%clk 0:11:20]} 33. Qc6 {[%clk 0:06:35]} Qd6 {[%clk 0:10:38]} 34. Qxd6
{[%clk 0:06:00]} Rxd6 {[%clk 0:10:52]} 35. Rb8+ {[%clk 0:03:05]} Rxb8
{[%clk 0:11:21]} 36. Rxb8+ {[%clk 0:03:30]} Kg7 {[%clk 0:11:39]} 37. g3
{[%clk 0:03:27]} Rxd5 {[%clk 0:12:02]} 38. Kg2 {[%clk 0:02:56]} Rd1
{[%clk 0:11:21]} 39. Rc8 {[%clk 0:02:01]} Ra1 {[%clk 0:04:41]} 40. Bc3+
{[%clk 0:01:49]} Nxc3 {[%clk 0:05:06]} 41. Rxc5 {[%clk 0:02:14]} Ra2+
{[%clk 0:05:04]} 42. Kg1 {[%clk 0:02:28]} Ne4 {[%clk 0:04:33]} 43. Rb5
{[%clk 0:02:42]} Nd6 {[%clk 0:04:39]} 44. Rc5 {[%clk 0:02:51]} Ne4
{[%clk 0:04:25]} 45. Rb5 {[%clk 0:03:13]} h5 {[%clk 0:03:09]} 46. Ne5
{[%clk 0:02:44]} h4 {[%clk 0:02:39]} 47. gxh4 {[%clk 0:02:46]} f6
{[%clk 0:02:24]} 48. Nf3 {[%clk 0:01:55]} Kh6 {[%clk 0:02:42]} 49. h3
{[%clk 0:02:06]} Nc3 {[%clk 0:02:05]} 50. Rc5 {[%clk 0:01:48]} Ne2+
{[%clk 0:01:59]} 51. Kf1 {[%clk 0:01:56]} Nf4 {[%clk 0:02:12]} 52. Rc6
{[%clk 0:01:32]} Nxh3 {[%clk 0:02:17]} 53. Nd4 {[%clk 0:01:55]} Rxa5
{[%clk 0:02:22]} 54. Rxf6 {[%clk 0:02:08]} Kh5 {[%clk 0:02:28]} 55. Ne2
{[%clk 0:01:48]} Ra2 {[%clk 0:02:08]} 56. Ng3+ {[%clk 0:01:32]} Kxh4
{[%clk 0:02:13]} 57. Nxf5+ {[%clk 0:01:32]} Kg5 {[%clk 0:02:37]} 0-1

[Event "ccc 2015 1"]
[Site "?"]
[Date "2015.05.02"]
[Round "7.6"]
[White "Haubro,2314, FM Martin"]
[Black "Antonsen,2472, IM Mikkel Djernæs"]
[Result "1/2-1/2"]
[BlackElo "2472"]
[WhiteElo "2314"]
[LiveChessVersion "1.4.5"]

1. e4 {[%clk 1:30:57]} e5 {[%clk 1:30:55]} 2. Nf3 {[%clk 1:31:24]} Nc6
{[%clk 1:31:05]} 3. Bb5 {[%clk 1:31:50]} Nf6 {[%clk 1:31:29]} 4. O-O
{[%clk 1:32:14]} Nxe4 {[%clk 1:31:54]} 5. d4 {[%clk 1:32:39]} Nd6
{[%clk 1:32:18]} 6. Bxc6 {[%clk 1:33:06]} dxc6 {[%clk 1:32:44]} 7. dxe5
{[%clk 1:33:32]} Nf5 {[%clk 1:33:09]} 8. Qxd8+ {[%clk 1:33:55]} Kxd8
{[%clk 1:33:34]} 9. Nc3 {[%clk 1:34:19]} Ke8 {[%clk 1:32:20]} 10. h3
{[%clk 1:34:44]} h5 {[%clk 1:32:46]} 11. Ne2 {[%clk 1:35:11]} b6 {[%clk 1:32:21]}
12. Bg5 {[%clk 1:24:14]} c5 {[%clk 1:27:40]} 13. Rfe1 {[%clk 1:17:54]} Bb7
{[%clk 1:22:34]} 14. Nh4 {[%clk 1:17:26]} Nxh4 {[%clk 1:22:23]} 15. Bxh4
{[%clk 1:17:51]} Be7 {[%clk 1:22:17]} 16. Bxe7 {[%clk 1:17:09]} Kxe7
{[%clk 1:22:41]} 17. h4 {[%clk 0:52:15]} Rhg8 {[%clk 1:22:15]} 18. e6
{[%clk 0:34:21]} g5 {[%clk 1:17:26]} 19. exf7 {[%clk 0:30:51]} Kxf7
{[%clk 1:17:51]} 20. Rad1 {[%clk 0:24:20]} gxh4 {[%clk 1:03:08]} 21. Rd7+
{[%clk 0:12:40]} Ke6 {[%clk 1:03:06]} 22. Rh7 {[%clk 0:13:05]} Rxg2+
{[%clk 0:47:11]} 23. Kf1 {[%clk 0:13:31]} Kf5 {[%clk 0:47:30]} 24. Rxc7
{[%clk 0:09:41]} Rh2 {[%clk 0:38:01]} 25. Rf7+ {[%clk 0:09:04]} Kg6
{[%clk 0:35:45]} 26. Rxb7 {[%clk 0:09:29]} Rh1+ {[%clk 0:36:10]} 27. Ng1
{[%clk 0:09:52]} h3 {[%clk 0:36:36]} 28. Re6+ {[%clk 0:05:00]} Kf5
{[%clk 0:36:55]} 29. Rbe7 {[%clk 0:05:26]} h2 {[%clk 0:35:25]} 1/2-1/2

[Event "ccc 2015 1"]
[Site "?"]
[Date "2015.05.02"]
[Round "7.7"]
[White "Brynell,2433, GM Stellan"]
[Black "Percivaldi,2333, FM Martin"]
[Result "1/2-1/2"]
[BlackElo "2333"]
[WhiteElo "2433"]
[LiveChessVersion "1.4.5"]

1. e4 {[%clk 1:30:56]} e6 {[%clk 1:30:53]} 2. d4 {[%clk 1:30:47]} d5
{[%clk 1:31:14]} 3. Nd2 {[%clk 1:30:12]} c5 {[%clk 1:31:36]} 4. Ngf3
{[%clk 1:30:21]} cxd4 {[%clk 1:31:55]} 5. Nxd4 {[%clk 1:30:11]} Nf6
{[%clk 1:32:14]} 6. exd5 {[%clk 1:29:55]} a6 {[%clk 1:32:33]} 7. N4f3
{[%clk 1:08:50]} Qxd5 {[%clk 1:29:49]} 8. g3 {[%clk 1:04:31]} Bd7
{[%clk 1:20:33]} 9. Bg2 {[%clk 1:04:27]} Bc6 {[%clk 1:20:53]} 10. O-O
{[%clk 1:03:49]} Be7 {[%clk 1:20:12]} 11. b3 {[%clk 0:58:38]} O-O
{[%clk 1:18:52]} 12. Nc4 {[%clk 0:50:15]} Qxd1 {[%clk 1:07:16]} 13. Rxd1
{[%clk 0:50:36]} Nbd7 {[%clk 1:07:18]} 14. Bb2 {[%clk 0:40:50]} Be4
{[%clk 1:01:20]} 15. Nfe5 {[%clk 0:38:00]} Nxe5 {[%clk 1:00:32]} 16. Bxe5
{[%clk 0:38:05]} Bxg2 {[%clk 1:00:12]} 17. Kxg2 {[%clk 0:38:29]} Rac8
{[%clk 0:57:06]} 18. Ne3 {[%clk 0:35:12]} Rfd8 {[%clk 0:56:15]} 19. c4
{[%clk 0:35:20]} Nd7 {[%clk 0:53:00]} 20. Bc3 {[%clk 0:32:45]} Bf6
{[%clk 0:52:38]} 21. Bxf6 {[%clk 0:32:34]} Nxf6 {[%clk 0:53:01]} 22. Kf3
{[%clk 0:30:34]} Kf8 {[%clk 0:50:49]} 23. h3 {[%clk 0:26:40]} Ke7
{[%clk 0:47:43]} 24. b4 {[%clk 0:25:41]} Nd7 {[%clk 0:47:06]} 25. Ke2
{[%clk 0:21:34]} Ne5 {[%clk 0:45:11]} 26. c5 {[%clk 0:21:19]} Nc6
{[%clk 0:45:18]} 27. Nc2 {[%clk 0:21:10]} e5 {[%clk 0:40:58]} 28. Rxd8
{[%clk 0:20:59]} Rxd8 {[%clk 0:41:06]} 29. Rd1 {[%clk 0:21:22]} Rc8
{[%clk 0:30:11]} 30. a3 {[%clk 0:17:34]} h5 {[%clk 0:28:30]} 31. Rd5
{[%clk 0:15:19]} f6 {[%clk 0:25:05]} 32. Kd3 {[%clk 0:14:51]} h4 {[%clk 0:15:26]}
33. g4 {[%clk 0:14:52]} Rd8 {[%clk 0:08:49]} 34. Ke4 {[%clk 0:11:42]} Rxd5
{[%clk 0:08:22]} 35. Kxd5 {[%clk 0:12:09]} Kd7 {[%clk 0:08:46]} 36. Ne3
{[%clk 0:12:25]} Ne7+ {[%clk 0:09:05]} 37. Ke4 {[%clk 0:10:32]} g5
{[%clk 0:09:09]} 38. f3 {[%clk 0:06:25]} Nc6 {[%clk 0:07:57]} 39. Kf5
{[%clk 0:04:41]} Nd4+ {[%clk 0:08:13]} 40. Kxf6 {[%clk 0:04:54]} Nxf3
{[%clk 0:08:39]} 41. Nc4 {[%clk 0:02:45]} e4 {[%clk 0:08:51]} 42. Kf5
{[%clk 0:03:08]} Kc6 {[%clk 0:07:30]} 43. Kxe4 {[%clk 0:02:40]} Ng1
{[%clk 0:07:55]} 44. a4 {[%clk 0:02:41]} Nxh3 {[%clk 0:08:08]} 45. Ne5+
{[%clk 0:02:50]} Kc7 {[%clk 0:08:31]} 46. b5 {[%clk 0:01:01]} axb5
{[%clk 0:08:56]} 47. axb5 {[%clk 0:01:30]} Ng1 {[%clk 0:06:58]} 48. Ke3
{[%clk 0:00:52]} h3 {[%clk 0:06:52]} 49. Kf2 {[%clk 0:01:20]} Ne2
{[%clk 0:07:13]} 50. b6+ {[%clk 0:00:53]} Kc8 {[%clk 0:07:31]} 51. Nf7
{[%clk 0:00:55]} Nf4 {[%clk 0:07:38]} 52. Kg3 {[%clk 0:01:08]} Ne6
{[%clk 0:07:01]} 53. Nd6+ {[%clk 0:01:18]} Kb8 {[%clk 0:06:54]} 54. Ne4
{[%clk 0:01:28]} Kc8 {[%clk 0:07:21]} 55. Nd6+ {[%clk 0:01:55]} Kb8
{[%clk 0:07:47]} 56. Ne4 {[%clk 0:02:21]} Kc8 {[%clk 0:08:14]} 57. Kxh3
{[%clk 0:02:44]} Kd7 {[%clk 0:08:37]} 58. Kg3 {[%clk 0:02:23]} Kc6
{[%clk 0:09:03]} 59. Kf3 {[%clk 0:02:35]} Nxc5 {[%clk 0:07:15]} 60. Nxg5
{[%clk 0:02:58]} Kxb6 {[%clk 0:07:35]} 61. Nf7 {[%clk 0:03:12]} Ne6
{[%clk 0:07:27]} 62. Ke4 {[%clk 0:03:34]} Kc6 {[%clk 0:07:12]} 63. Ke5
{[%clk 0:02:50]} Kd7 {[%clk 0:07:11]} 64. Kf6 {[%clk 0:03:18]} b5
{[%clk 0:06:54]} 65. Ne5+ {[%clk 0:03:46]} Kd6 {[%clk 0:07:18]} 66. Nd3
{[%clk 0:03:58]} Kd7 {[%clk 0:06:58]} 67. Nb4 {[%clk 0:04:00]} Kd6
{[%clk 0:07:11]} 68. Na2 {[%clk 0:01:59]} Kd7 {[%clk 0:06:39]} 69. Ke5
{[%clk 0:01:48]} Ng5 {[%clk 0:06:32]} 70. Nb4 {[%clk 0:01:58]} Ke7
{[%clk 0:06:02]} 71. Kf5 {[%clk 0:01:59]} Nh3 {[%clk 0:04:02]} 72. Nc6+
{[%clk 0:01:13]} Kf7 {[%clk 0:04:15]} 73. Ne5+ {[%clk 0:01:38]} Kg7
{[%clk 0:04:18]} 74. Nd3 {[%clk 0:01:55]} Kf7 {[%clk 0:04:18]} 75. Ne5+
{[%clk 0:02:00]} Kg7 {[%clk 0:04:45]} 76. Nd3 {[%clk 0:02:25]} Kf7
{[%clk 0:05:11]} 77. Ne5+ {[%clk 0:02:51]} 1/2-1/2

[Event "ccc 2015 1"]
[Site "?"]
[Date "2015.05.02"]
[Round "7.8"]
[White "Hagen,2408, IM Andreas Skytte"]
[Black "Arman,2315, FM Deniz"]
[Result "1/2-1/2"]
[BlackElo "2315"]
[WhiteElo "2408"]
[LiveChessVersion "1.4.5"]

1. Nf3 {[%clk 1:30:57]} Nf6 {[%clk 1:17:59]} 2. c4 {[%clk 1:31:07]} e6
{[%clk 1:18:11]} 3. g3 {[%clk 1:31:21]} b6 {[%clk 1:17:10]} 4. Bg2
{[%clk 1:31:44]} Bb7 {[%clk 1:16:45]} 5. O-O {[%clk 1:32:05]} c5 {[%clk 1:16:54]}
6. Nc3 {[%clk 1:32:16]} Be7 {[%clk 1:14:42]} 7. Re1 {[%clk 1:32:42]} O-O
{[%clk 1:08:01]} 8. e4 {[%clk 1:33:01]} Nc6 {[%clk 1:05:49]} 9. e5
{[%clk 1:27:45]} Ne8 {[%clk 1:00:14]} 10. d4 {[%clk 1:28:02]} Nxd4
{[%clk 0:58:55]} 11. Nxd4 {[%clk 1:28:11]} Bxg2 {[%clk 0:59:19]} 12. Kxg2
{[%clk 1:27:18]} cxd4 {[%clk 0:59:44]} 13. Qxd4 {[%clk 1:27:38]} f6
{[%clk 0:59:18]} 14. exf6 {[%clk 1:19:29]} Bc5 {[%clk 0:56:30]} 15. Qd3
{[%clk 1:18:37]} Nxf6 {[%clk 0:44:31]} 16. f3 {[%clk 1:18:42]} Qc7
{[%clk 0:40:09]} 17. Bg5 {[%clk 1:10:52]} Rf7 {[%clk 0:28:51]} 18. Bxf6
{[%clk 1:09:05]} Rxf6 {[%clk 0:15:48]} 19. Ne4 {[%clk 1:08:50]} Rf7
{[%clk 0:14:20]} 20. f4 {[%clk 0:56:43]} Qc6 {[%clk 0:13:17]} 21. Qf3
{[%clk 0:54:54]} Rc8 {[%clk 0:13:12]} 22. Ng5 {[%clk 0:51:02]} Rf5
{[%clk 0:10:22]} 23. Qxc6 {[%clk 0:50:39]} Rxc6 {[%clk 0:10:49]} 24. Rad1
{[%clk 0:49:33]} Rc7 {[%clk 0:11:13]} 25. b3 {[%clk 0:46:27]} Be7
{[%clk 0:11:04]} 26. Nf3 {[%clk 0:45:21]} Bf6 {[%clk 0:11:06]} 27. Nd4
{[%clk 0:34:18]} Bxd4 {[%clk 0:10:01]} 28. Rxd4 {[%clk 0:34:44]} b5
{[%clk 0:09:16]} 29. Red1 {[%clk 0:30:45]} bxc4 {[%clk 0:07:36]} 30. Rxd7
{[%clk 0:31:07]} Rxd7 {[%clk 0:05:49]} 31. Rxd7 {[%clk 0:31:31]} cxb3
{[%clk 0:04:37]} 32. axb3 {[%clk 0:31:56]} Rb5 {[%clk 0:04:34]} 33. Rxa7
{[%clk 0:32:06]} Rxb3 {[%clk 0:04:59]} 34. Re7 {[%clk 0:31:36]} Rb2+
{[%clk 0:04:24]} 35. Kh3 {[%clk 0:32:00]} Rb6 {[%clk 0:03:20]} 36. Kg4
{[%clk 0:32:13]} Kf8 {[%clk 0:03:47]} 37. Ra7 {[%clk 0:32:34]} Rb5
{[%clk 0:04:13]} 38. Kf3 {[%clk 0:32:06]} Rb2 {[%clk 0:04:12]} 39. h3
{[%clk 0:32:09]} h5 {[%clk 0:03:32]} 40. g4 {[%clk 0:27:43]} Rb3+
{[%clk 0:03:27]} 41. Kg2 {[%clk 0:28:07]} Rb4 {[%clk 0:02:42]} 42. Kg3
{[%clk 0:27:46]} hxg4 {[%clk 0:02:19]} 43. hxg4 {[%clk 0:28:10]} Re4
{[%clk 0:02:36]} 44. Kf3 {[%clk 0:27:36]} Rb4 {[%clk 0:02:27]} 45. g5
{[%clk 0:27:55]} g6 {[%clk 0:02:34]} 46. Rd7 {[%clk 0:26:16]} Ra4
{[%clk 0:02:53]} 47. Rd3 {[%clk 0:25:00]} Rb4 {[%clk 0:03:16]} 48. Re3
{[%clk 0:25:11]} Kf7 {[%clk 0:03:41]} 49. Re4 {[%clk 0:24:35]} Rb3+
{[%clk 0:04:08]} 50. Ke2 {[%clk 0:24:49]} Ra3 {[%clk 0:04:33]} 51. Re3
{[%clk 0:24:56]} Ra4 {[%clk 0:04:59]} 52. Kf3 {[%clk 0:25:14]} Rb4
{[%clk 0:05:26]} 53. Ra3 {[%clk 0:25:27]} Rc4 {[%clk 0:05:52]} 54. Ra7+
{[%clk 0:25:42]} Kf8 {[%clk 0:06:18]} 55. Ke3 {[%clk 0:26:03]} Rb4
{[%clk 0:06:29]} 56. Rd7 {[%clk 0:26:20]} Ra4 {[%clk 0:04:45]} 57. Rd4
{[%clk 0:26:34]} Ra3+ {[%clk 0:03:59]} 58. Ke4 {[%clk 0:26:58]} Ra5
{[%clk 0:04:25]} 59. Rc4 {[%clk 0:25:46]} Rd5 {[%clk 0:04:33]} 60. Rd4
{[%clk 0:25:45]} Ra5 {[%clk 0:04:58]} 61. Kd3 {[%clk 0:24:19]} e5
{[%clk 0:04:54]} 62. Rd6 {[%clk 0:24:18]} exf4 {[%clk 0:04:28]} 63. Rxg6
{[%clk 0:24:35]} Kf7 {[%clk 0:04:49]} 64. Rf6+ {[%clk 0:25:00]} Kg7
{[%clk 0:05:11]} 65. Rxf4 {[%clk 0:25:10]} Rxg5 {[%clk 0:05:37]} 66. Ke4
{[%clk 0:25:35]} 1/2-1/2

[Event "ccc 2015 1"]
[Site "?"]
[Date "2015.05.02"]
[Round "7.9"]
[White "Christiansen,2392, FM Johan-Sebastian"]
[Black "Dijkhuis,2288, FM Tycho"]
[Result "1/2-1/2"]
[BlackElo "2288"]
[WhiteElo "2392"]
[LiveChessVersion "1.4.5"]

1. Nf3 {[%clk 1:30:57]} c5 {[%clk 1:30:37]} 2. c4 {[%clk 1:31:22]} g6
{[%clk 1:30:33]} 3. Nc3 {[%clk 1:31:45]} Bg7 {[%clk 1:30:46]} 4. g3
{[%clk 1:32:11]} Nf6 {[%clk 1:31:07]} 5. Bg2 {[%clk 1:32:35]} O-O
{[%clk 1:31:29]} 6. d4 {[%clk 1:32:58]} cxd4 {[%clk 1:31:48]} 7. Nxd4
{[%clk 1:33:24]} Nc6 {[%clk 1:32:09]} 8. O-O {[%clk 1:33:50]} Qa5
{[%clk 1:32:27]} 9. e3 {[%clk 1:34:17]} d6 {[%clk 1:32:31]} 10. Bd2
{[%clk 1:34:40]} Qc5 {[%clk 1:22:12]} 11. Qe2 {[%clk 1:34:34]} Nxd4
{[%clk 1:16:33]} 12. exd4 {[%clk 1:34:59]} Qxd4 {[%clk 1:16:51]} 13. Be3
{[%clk 1:27:04]} Qe5 {[%clk 1:15:26]} 14. h3 {[%clk 1:24:49]} Be6
{[%clk 1:11:29]} 15. Rac1 {[%clk 1:19:24]} Rac8 {[%clk 1:03:01]} 16. b3
{[%clk 1:18:27]} b6 {[%clk 1:00:50]} 17. Nb5 {[%clk 1:16:33]} a6 {[%clk 0:32:00]}
18. Na7 {[%clk 1:12:48]} Rc7 {[%clk 0:32:12]} 19. Nc6 {[%clk 1:02:25]} Rxc6
{[%clk 0:31:45]} 20. Bxc6 {[%clk 1:01:37]} Bxh3 {[%clk 0:32:09]} 21. Bg2
{[%clk 1:01:57]} Bxg2 {[%clk 0:27:30]} 22. Kxg2 {[%clk 1:02:17]} d5
{[%clk 0:26:35]} 23. Rfe1 {[%clk 1:00:00]} dxc4 {[%clk 0:24:30]} 24. Qxc4
{[%clk 0:56:57]} Qd5+ {[%clk 0:23:07]} 25. Kg1 {[%clk 0:53:35]} Qh5
{[%clk 0:21:50]} 26. Bxb6 {[%clk 0:52:04]} Ng4 {[%clk 0:21:28]} 27. Qe4
{[%clk 0:52:01]} Qh2+ {[%clk 0:18:49]} 28. Kf1 {[%clk 0:52:30]} Qh3+
{[%clk 0:19:13]} 29. Qg2 {[%clk 0:52:26]} Qh5 {[%clk 0:19:22]} 30. Kg1
{[%clk 0:44:07]} Ne5 {[%clk 0:18:49]} 31. Re3 {[%clk 0:43:25]} Ng4
{[%clk 0:17:23]} 32. Re4 {[%clk 0:41:03]} Ne5 {[%clk 0:14:13]} 33. g4
{[%clk 0:40:20]} Qh4 {[%clk 0:14:01]} 34. Bd4 {[%clk 0:38:35]} Nd3
{[%clk 0:12:52]} 35. Bxg7 {[%clk 0:36:01]} Kxg7 {[%clk 0:13:17]} 36. Rd1
{[%clk 0:29:33]} f5 {[%clk 0:12:45]} 37. Re3 {[%clk 0:25:36]} Nxf2
{[%clk 0:12:15]} 38. Rd7 {[%clk 0:24:02]} Ne4 {[%clk 0:04:18]} 39. gxf5
{[%clk 0:24:06]} Rc8 {[%clk 0:04:38]} 40. Rd1 {[%clk 0:13:28]} Rc2
{[%clk 0:04:48]} 41. f6+ {[%clk 0:06:59]} Qxf6 {[%clk 0:03:42]} 42. Qxc2
{[%clk 0:05:50]} Qg5+ {[%clk 0:04:08]} 43. Kh2 {[%clk 0:04:25]} Qf4+
{[%clk 0:03:35]} 44. Kg2 {[%clk 0:04:45]} Qg5+ {[%clk 0:03:28]} 45. Kf3
{[%clk 0:04:16]} Qh5+ {[%clk 0:03:53]} 46. Kg2 {[%clk 0:04:22]} Qg5+
{[%clk 0:04:20]} 47. Kh2 {[%clk 0:02:58]} Qf4+ {[%clk 0:04:25]} 48. Kg2
{[%clk 0:03:21]} Qg5+ {[%clk 0:04:53]} 49. Kf3 {[%clk 0:03:32]} Qh5+
{[%clk 0:05:19]} 50. Kg2 {[%clk 0:03:56]} 1/2-1/2

[Event "ccc 2015 1"]
[Site "?"]
[Date "2015.05.02"]
[Round "7.10"]
[White "Kristensen,2380, FM Kåre Hove"]
[Black "Stojanovski,2232, Sandi"]
[Result "1/2-1/2"]
[BlackElo "2232"]
[WhiteElo "2380"]
[LiveChessVersion "1.4.5"]

1. c4 {[%clk 1:30:43]} Nf6 {[%clk 1:26:25]} 2. Nc3 {[%clk 1:30:54]} c5
{[%clk 1:25:26]} 3. Nf3 {[%clk 1:29:23]} e6 {[%clk 1:24:27]} 4. e3
{[%clk 1:29:37]} Be7 {[%clk 1:20:45]} 5. d4 {[%clk 1:29:34]} cxd4
{[%clk 1:18:20]} 6. exd4 {[%clk 1:29:53]} d5 {[%clk 1:16:21]} 7. c5
{[%clk 1:30:05]} b6 {[%clk 1:11:45]} 8. b4 {[%clk 1:29:47]} O-O {[%clk 1:07:25]}
9. Qc2 {[%clk 1:29:01]} a5 {[%clk 1:06:04]} 10. Na4 {[%clk 1:28:48]} bxc5
{[%clk 1:00:15]} 11. bxc5 {[%clk 1:29:02]} Nc6 {[%clk 0:53:03]} 12. Nb6
{[%clk 1:21:56]} Rb8 {[%clk 0:50:09]} 13. Bb5 {[%clk 1:11:07]} Qc7
{[%clk 0:44:42]} 14. Nxc8 {[%clk 0:52:25]} Rfxc8 {[%clk 0:43:01]} 15. Bxc6
{[%clk 0:46:53]} Qxc6 {[%clk 0:41:50]} 16. Bf4 {[%clk 0:44:44]} Rb4
{[%clk 0:35:44]} 17. O-O {[%clk 0:44:02]} Bxc5 {[%clk 0:34:10]} 18. Ne5
{[%clk 0:38:05]} Qe8 {[%clk 0:32:51]} 19. Rac1 {[%clk 0:29:25]} Rxd4
{[%clk 0:32:57]} 20. Be3 {[%clk 0:29:43]} Re4 {[%clk 0:33:00]} 21. Bxc5
{[%clk 0:26:17]} Rxe5 {[%clk 0:33:06]} 22. Qb2 {[%clk 0:16:54]} Re4
{[%clk 0:32:06]} 23. Bd4 {[%clk 0:16:26]} Rb8 {[%clk 0:31:45]} 24. Qa1
{[%clk 0:15:18]} e5 {[%clk 0:31:29]} 25. Bc3 {[%clk 0:15:05]} d4 {[%clk 0:22:48]}
26. Bxa5 {[%clk 0:15:04]} Nd5 {[%clk 0:22:27]} 27. Rc5 {[%clk 0:11:22]} Nf4
{[%clk 0:21:30]} 28. Qd1 {[%clk 0:09:50]} Qe6 {[%clk 0:15:39]} 29. Qf3
{[%clk 0:08:29]} Qg6 {[%clk 0:15:39]} 30. Bc7 {[%clk 0:06:53]} Re8
{[%clk 0:16:01]} 31. Rxe5 {[%clk 0:05:48]} Ne2+ {[%clk 0:08:17]} 32. Kh1
{[%clk 0:05:57]} R4xe5 {[%clk 0:08:32]} 33. Bxe5 {[%clk 0:06:22]} d3
{[%clk 0:07:45]} 1/2-1/2